| 000 | 00684nam a22002057a 4500 | ||
|---|---|---|---|
| 999 |
_c20278 _d20278 |
||
| 003 | AR-CdUCM | ||
| 008 | 190528b ||||| |||| 00| 0 spa d | ||
| 040 |
_aMUNICIPALIDAD PROVINCIAL DEL CUSCO _cBIBLIOTECA MUNICIPAL DEL CUSCO |
||
| 082 |
_a692.1 / _bT3 |
||
| 245 | _aTécnica de la delineación / | ||
| 260 |
_aBarcelona : _bCeac, _c1978. |
||
| 300 |
_a226 páginas ; _c27 cm. |
||
| 500 | _aEnciclopedia ceac del delineante | ||
| 505 | _aContenido: El lápiz -- Tablero de dibujo -- Compás visual -- Construcciones simples con compás... | ||
| 650 |
_alápiz _942381 |
||
| 650 |
_aDibujo _913086 |
||
| 650 |
_aTrazos _922797 |
||
| 942 |
_2ddc _cLIBROS |
||
| 945 |
_adavv _d2019-05-28 |
||